Finančná gramotnosť na základných a stredných školách ročná správa o riešení projektu KEGA č. 121-026EU-4/2010

Na minha lista:
Detalhes bibliográficos
Autor principal: Orbánová, Darina
Autor Corporativo: Národohospodárska fakulta EU. Katedra pedagogiky
Formato: Livro
Idioma:eslovaco
Publicado em: Bratislava 2010
Assuntos:
Tags: Adicionar Tag
Sem tags, seja o primeiro a adicionar uma tag!

MARC

LEADER 00000nam a2200000 4500
001 0119789
005 20240604064713.3
041 0 |a slo 
044 |a SK 
245 1 0 |a Finančná gramotnosť na základných a stredných školách  |b ročná správa o riešení projektu KEGA č. 121-026EU-4/2010  |c vedúca projektu Darina Orbánová 
264 1 |a Bratislava  |c 2010 
300 |a 15 s. 
610 2 0 |a školy stredné 
610 2 0 |a školy základné 
610 2 0 |a gramotnosť 
100 1 |a Orbánová, Darina 
710 2 |a Národohospodárska fakulta EU. Katedra pedagogiky